On This Day: November 4th Quiz Stats

 Plays Quiz Updated Nov 4, 2017

Challenge
Share
Tweet
Embed
Score 0/7 Timer 03:00
1 Play Today
Question Answer Wrong Answers
In Egypt, British archaeologist Howard Carter and his men find the entrance to ______ tomb in the Valley of the Kings.
1922
Tutankhamun's
94.9%
Nefertiti’s
1.6%
Cleopatra’s
2.2%
Ramesses the Great’s
1.4%
A mob of mostly Iranian students overruns the US embassy in this city, taking 90 hostages.
1979
Tehran
94.4%
Isfahan
1.6%
Shiraz
1.4%
Rasht
0.6%
The United States government establishes the National ______ Agency, or NSA.
1952
Security
87.9%
Safety
2.7%
Safekeeping
0.6%
Surveillance
8.1%
This American rapper and producer, who has been known by various stage names like Puff Daddy, is born.
1969
Sean Combs
87.4%
Andre Young
2.1%
Shawn Carter
6.7%
Christopher Wallace
1.9%
Barack Obama defeats this Republican presidential nominee to become the first person of African-American descent to be elected President of the United States.
2008
John McCain
75.5%
Mitt Romney
20.9%
Paul Ryan
0.6%
Mitch McConnell
0.7%
At the Kasakela Chimpanzee Community in Tanzania, Dr. Jane Goodall observes chimpanzees creating ______, the first-ever observation in non-human animals.
1960
Tools
62.9%
Dominance Hierarchies
3.9%
Sign Language
25.8%
Fire
5.9%
This Prime Minister of Israel is assassinated by an Israeli extremist.
1995
Yitzhak Rabin
59.3%
Shimon Peres
11.4%
Ariel Sharon
17.4%
David Ben-Gurion
9.7%

Today's Daily Dose

You're not logged in!

Compare scores with friends on all Sporcle quizzes.
OR
Log In

You Might Also Like...

Show Comments

Extras

Top Quizzes Today


Score Distribution

Your Account Isn't Verified!

In order to create a playlist on Sporcle, you need to verify the email address you used during registration. Go to your Sporcle Settings to finish the process.

Report this User

Report this user for behavior that violates our Community Guidelines.

Details: